000 00553nam a2200181Ia 4500
003 OSt
005 20260331102324.0
008 211028s2010 xx 000 0 und d
040 _cAIMIT LIBRARY
041 _aeng
082 _a658.8 RAON
100 _aRao, Neetha;Sridhar, Sambatur.
_g816091
_96640
245 _aExploratory study on promotional strategies for setting up an extension counter for four wheelers in rural areas /
260 _bSridhar, Sambatur
_c2010
600 _aMarketing
_96641
650 _aMarketing
_96642
942 _2ddc
_cPRO
999 _c218305
_d218305